| 000 | 00841cam a22002418i 4500 | ||
|---|---|---|---|
| 001 | 26997 | ||
| 003 | BD-DhIUB | ||
| 005 | 20230910115237.0 | ||
| 008 | 170119s2017 enk b 001 0 eng | ||
| 020 | _a9781138777736 (hardback : alk. paper) | ||
| 040 | _cBD-DhIUB | ||
| 082 | 0 | 0 |
_223 _a307.76095195 _bY952g |
| 100 | 1 |
_aYun, Jieheerah, _eauthor. |
|
| 245 | 1 | 0 |
_aGlobalizing Seoul : _bthe city's cultural and urban change / _c Jieheerah Yun. |
| 264 | 1 |
_aNew York, NY : _bRoutledge, _cc2017. |
|
| 300 |
_a170 p. : _bill. ; _c24 cm. |
||
| 490 | 0 | _aPlanning, history and environment series | |
| 504 | _aIncludes bibliographical references and index. | ||
| 650 | 0 |
_aUrbanization _zKorea (South) _zSeoul. |
|
| 650 | 0 |
_aUrban policy _zKorea (South) _zSeoul. |
|
| 651 | 0 |
_aSeoul (Korea) _xEconomic conditions _y21st century. |
|
| 942 |
_2ddc _cBK _n0 |
||
| 999 |
_c26997 _d26956 |
||